000 00407nam a2200169Ia 4500
008 090711s9999 xx 000 0 und d
082 _b54617
100 _aथोरे अशोक
245 _aसौदा
260 _c1986
300 _a204
600 _aथोरे अशोक
630 _aसौदा
700 _aथोरे अशोक
730 _aसौदा
942 _cBOOK
999 _c302586
_d302586